000 02105pam a22004574a 4500
001 57316638
003 OCoLC
005 20210420061217.0
008 041215s2005 dcua b 001 0 eng
010 _a 2004-29916
016 7 _a101236345
_2DNLM
020 _a1585621994 (alk. paper)
040 _aDNLM/DLC
_cDLC
_dYDX
_dNLM
042 _apcc
049 _aYYEA
080 _a616.89
_bK-19
096 _aWM 460 K16p 2005
100 1 _aKandel, Eric R.
245 1 0 _aPsychiatry, psychoanalysis, and the new biology of mind /
_cby Eric R. Kandel ; with commentaries by Arnold M. Cooper ... [et al.].
250 _a1st ed.
260 _aWashington, DC :
_bAmerican Psychiatric Pub.,
_cc2005.
300 _axxvi, 414 p. :
_bill. (some col.) ;
_c24 cm.
504 _aIncludes bibliographical references and index.
505 0 _aPsychotherapy and the single synapse -- A new intellectual framework for psychiatry -- Biology and the future of psychoanalysis: a new intellectual framework for psychiatry revisited -- From metapsychology to molecular biology: explorations into the nature of anxiety -- Neurobiology and molecular biology: the second encounter -- Neural science: a century of progress and the mysteries that remain / by Thomas D. Albright ... [et al.] -- The molecular biology of memory storage: a dialog between genes and synapses -- Genes, brains and self-understanding: biology's aspirations for a new humanism.
590 _ac.1 2400001667 Majors 9/22/05 $58.00.
650 2 _aPsychoanalysis
_vCollected Works.
650 2 _aMental Processes
_xphysiology
_vCollected Works.
650 2 _aMolecular Biology
_xmethods
_vCollected Works.
650 2 _aPsychiatry
_xmethods
_vCollected Works.
653 _aფსიქიატრია
700 _9366
_aKandel,R.Eric
700 _9375
_aZorumski,F.Charles
700 _9374
_aRapoport,L.Judith
700 _9373
_aOldham,M.John
700 _9372
_aNestler,J.Eric
700 _9371
_aLeDoux,Joseph
700 _9370
_aKlein,F.Donald
700 _9369
_aInsel,R.Thomas
700 _9368
_aHyman,E.Steven
942 _2udc
_cBK
999 _c454
_d454